| 000 | 01481nam a22002655a 4500 | ||
|---|---|---|---|
| 005 | 20090826114430.0 | ||
| 010 | _aENG-94902 B-453648-649 | ||
| 020 |
_a9788185026862 _c2500.00 |
||
| 020 |
_a8185026866 _c2500.00 |
||
| 035 | _aEN-78435 B-453648-649 | ||
| 037 | _bDBAD/ PUB | ||
| 037 | _bRBC/Ven | ||
| 082 | _a954.08 | ||
| 245 |
_aPortraits in princely India, 1700-1947 / _cedited by Rosie Llewellyn-Jones |
||
| 260 |
_aMumbai _bMarg Publications on behalf of the National Centre for the Performing Arts, _c2008 |
||
| 270 |
_a24, Homi Mody Street, _bMumbai _e400001 |
||
| 300 |
_a136 p. : _bchiefly col. ill. ; _c31cm(Hb) |
||
| 500 | _a"Vol. 59, no. 4, June 2008"--T.p. verso; simultaneously issued in serial format as an issue of Mārg. | ||
| 504 | _aIncludes bibliographical references and index. | ||
| 942 |
_2ddc _cEN _h954.08 |
||
| 999 |
_c29633 _d29633 |
||